Statistics for Italy National Team - Presences

Click here to take the quiz!

General Stats

  • This quiz has been taken 24 times
  • The average score is 8 of 10

Answer Stats

GamesPeriodPlayer% Correct
1761997-2018Gianluigi Buffon
100%
1261988-2002Paolo Maldini
95%
1162002-2015Andrea Pirlo
89%
1172004-2017Daniele De Rossi
89%
1361997-2010Fabio Cannavaro
89%
1121968-1983Dino Zoff
84%
1172004-2022Giorgio Chiellini
84%
1212010-Leonardo Bonucci
84%
981999-2010Gianluca Zambrotta
79%
941963-1977Giacinto Facchetti
47%

Score Distribution

Percentile by Number Answered

Percent of People with Each Score

Your Score History

You have not taken this quiz